000 00316nam a22001337a 4500
008 170526b xxu||||| |||| 00| 0 eng d
020 _a9780070654464
041 _aeng
080 _a62
100 _a27
101 _aIM
245 _aHANDBOOK OF NUMERICAL CALCULATIONS IN ENGINEERING
_cTUMA, J,J
942 _2udc
_cBK
999 _c14594
_d14594